[Event "AUTO-ADV-4579"]
[Site "http://www.queenalice.com/game.php?id=1790420"]
[Date "2022.6.7"]
[Round "2"]
[White "ChessColossos"]
[Black "schuch97"]
[Result "1-0"]
[WhiteElo "2399"]
[BlackElo "1960"]

1. h3 g5 2. h4 gxh4 3. d4 h6 4. e4 e6 5. e5 d6 6. Qh5 Be7 7. Nf3 c5 8. dxc5 dxc5
9. Nc3 Nc6 10. Bd2 Nd4 11. O-O-O Nxf3 12. Qxf3 Qc7 13. Nb5 Qxe5 14. Bc3 Qg5+ 15.
Kb1 Rb8 16. Bxh8 f6 17. Nxa7 Bd7 18. Rxd7 Kxd7 19. Bb5+ Kc7 20. Rd1 Ra8 21. Rd7+
Kb6 22. Rxb7+ Ka5 23. Qa3# 1-0

[Event "Vamos 3 ?"]
[Site "http://www.queenalice.com/game.php?id=1792233"]
[Date "2022.7.9"]
[Round "-"]
[White "frankcasadio"]
[Black "schuch97"]
[Result "1-0"]
[WhiteElo "2022"]
[BlackElo "1958"]

1. e4 e5 2. Nf3 Nf6 3. Nc3 Bd6 4. Bc4 c6 5. d4 Qe7 6. O-O Bc7 7. dxe5 Bxe5 8.
Nxe5 Qxe5 9. g3 O-O 10. Bf4 Qc5 11. Bb3 b5 12. Bd6 Qg5 13. Bxf8 Kxf8 14. Qd6+
Kg8 15. Qe7 Qg6 16. Qd8+ 1-0

[Event "Challenge"]
[Site "http://www.queenalice.com/game.php?id=1796861"]
[Date "2022.9.25"]
[Round "-"]
[White "jorm"]
[Black "schuch97"]
[Result "1/2-1/2"]
[WhiteElo "1862"]
[BlackElo "1960"]

1. e4 f5 2. exf5 d5 3. g4 h6 4. Nf3 Nc6 5. d4 Nf6 6. h3 Qd6 7. a3 e6 8. fxe6
Bxe6 9. Nc3 O-O-O 10. Be3 g5 11. Qd3 Re8 12. Qd2 Bf7 13. O-O-O a6 14. h4 Nxg4
15. Bh3 Be6 16. hxg5 Nxe3 17. fxe3 Qg3 18. Bxe6+ Rxe6 19. Rdf1 Bg7 20. gxh6
Rhxh6 21. Rxh6 Bxh6 22. Nxd5 Ne7 23. Nxe7+ Rxe7 24. Kb1 Rxe3 25. Ng1 Rf3 26. Qe2
Re3 27. Qd1 b5 28. d5 Bg7 29. Ne2 Qe5 30. Nc3 Rxc3 31. bxc3 Qxc3 32. Qg4+ Kb7
33. Kc1 Qxa3+ 34. Kd1 Qa1+ 35. Ke2 Qe5+ 36. Kf2 Bf8 37. Qf3 Bc5+ 38. Kg2 Qg7+
39. Qg3 Qd4 40. Kh3 Qxd5 41. Qf3 Kc6 42. Qxd5+ Kxd5 43. Ra1 Kd4 44. Rxa6 Kc3 45.
Rc6 Kb4 46. Rxc7 Bd4 47. Kg2 Ka3 48. c4 b4 49. c5 b3 50. c6 b2 51. Rb7 Be5 52.
Kf2 Ka2 53. Ke2 b1=Q 54. Rxb1 Kxb1 55. Kd3 Kb2 56. Kc4 Ka3 57. Kb5 Kb3 58. Kb6
Kb4 59. c7 Bxc7+ 60. Kxc7 Kc5 61. Kd7 Kd5 1/2-1/2

[Event "AUTO-OPEN-4443"]
[Site "http://www.queenalice.com/game.php?id=1811234"]
[Date "2023.5.5"]
[Round "1"]
[White "Kapablanca"]
[Black "schuch97"]
[Result "0-1"]
[WhiteElo "2087"]
[BlackElo "2055"]

1. d4 d5 2. c4 Nf6 3. cxd5 Nxd5 4. e4 Nf6 5. Nc3 e5 6. d5 Bd6 7. Bg5 h6 8. Bh4
O-O 9. Nf3 c6 10. Bc4 b5 11. Bb3 b4 12. Ne2 g5 13. Bg3 g4 14. Nxe5 Nxe4 15. dxc6
Nxg3 16. hxg3 Bxe5 17. Qxd8 Rxd8 18. Rxh6 Kg7 19. Rh5 Nxc6 20. Rc1 Kg6 21. Bxf7+
Kxf7 22. Rxc6 Bxb2 23. Rh7+ Kf8 24. Nf4 Bc3+ 25. Ke2 Re8+ 26. Kd1 Re1+ 27. Kc2
Bf5+ 0-1

[Event "AUTO-OPEN-4443"]
[Site "http://www.queenalice.com/game.php?id=1811235"]
[Date "2023.5.5"]
[Round "1"]
[White "schuch97"]
[Black "Kapablanca"]
[Result "0-1"]
[WhiteElo "2049"]
[BlackElo "2054"]

1. e4 e6 2. d4 d5 3. e5 c5 4. c3 Nc6 5. Bb5 Qb6 6. a4 a6 7. Bxc6+ bxc6 8. Nf3
cxd4 9. cxd4 Ne7 10. Be3 Ng6 11. b3 Bb4+ 12. Nbd2 O-O 13. O-O Rb8 14. Rb1 Bd7
15. Ng5 Be7 16. f4 h6 17. Nh3 Nh4 18. Qg4 Nf5 19. Bf2 Qb4 20. Be1 Qxd4+ 21. Kh1
Ne3 22. Qe2 Nxf1 23. Nxf1 Bb4 24. Bf2 Qe4 25. Qxe4 dxe4 26. Ne3 Rb7 27. Nc2 Rfb8
28. Be3 Be7 29. Nf2 Rxb3 30. Rd1 Be8 31. Nxe4 Rb1 32. Rg1 Rxg1+ 33. Kxg1 Rb1+
34. Kf2 Rb2 35. Kf3 Rxc2 0-1

[Event "AUTO-OPEN-4443"]
[Site "http://www.queenalice.com/game.php?id=1811282"]
[Date "2023.5.5"]
[Round "1"]
[White "schuch97"]
[Black "Sigmund"]
[Result "1-0"]
[WhiteElo "2050"]
[BlackElo "1754"]

1. e4 e5 2. Nf3 d6 3. d4 Bg4 4. h3 Bh5 5. dxe5 dxe5 6. Qxd8+ Kxd8 7. Nxe5 Nf6 8.
Bd3 Bd6 9. f4 Re8 10. g4 Bg6 11. Nxf7+ Bxf7 12. e5 Bxe5 13. fxe5 Rxe5+ 14. Kf2
Nc6 15. Bd2 Kd7 16. Na3 Rae8 17. Rhe1 a6 18. Rxe5 Nxe5 19. Bf5+ Kd6 20. Bb4+ c5
21. Rd1+ Kc6 22. Bc3 b5 23. g5 Nd5 24. Be1 g6 25. Be4 b4 26. Nb1 Nc4 27. Bf3
Nxb2 28. Rd2 Rd8 29. c3 Nc4 30. Rd3 Be6 31. cxb4 cxb4 32. Bxb4 Bf5 33. Rd1 Bxh3
34. Nc3 Be6 35. Rd4 a5 36. Be7 Rd7 37. Rxc4+ Kb7 38. Bf6 Kb6 39. Bd4+ Ka6 40.
Rc6+ Kb7 41. Rxe6 1-0

[Event "AUTO-OPEN-4443"]
[Site "http://www.queenalice.com/game.php?id=1811283"]
[Date "2023.5.5"]
[Round "1"]
[White "Sigmund"]
[Black "schuch97"]
[Result "0-1"]
[WhiteElo "1762"]
[BlackElo "2051"]

1. e4 e5 2. Bc4 Nf6 3. Nc3 Bb4 4. a3 Bxc3 5. bxc3 Nxe4 6. Qf3 Nf6 7. d4 e4 8.
Qe2 d5 9. Bb3 Nc6 10. Bg5 h6 11. Bxf6 gxf6 12. f3 Bf5 13. Qe3 Qd6 14. Ne2 Rg8
15. g4 Be6 16. Qxh6 exf3 17. Ng3 Bxg4 18. Qh4 Qe6+ 19. Kf2 O-O-O 20. Rae1 Qd6
21. Rhg1 f5 22. Nxf5 Bxf5 23. Kxf3 Rh8 24. Qg3 Rh3 0-1

[Event "AUTO-MASTER-3164"]
[Site "http://www.queenalice.com/game.php?id=1811339"]
[Date "2023.5.6"]
[Round "1"]
[White "IranSilva"]
[Black "schuch97"]
[Result "1-0"]
[WhiteElo "2189"]
[BlackElo "2060"]

1. e4 e5 2. Nf3 Nf6 3. Nxe5 Qe7 4. Nf3 Qxe4+ 5. Be2 Nc6 6. Nc3 Qg4 7. O-O d5 8.
d4 Qg6 9. Re1 Be7 10. Bb5 Bh3 11. Nh4 Qg4 12. Qxg4 Bxg4 13. Bg5 Rd8 14. Re5 Rd6
15. Rae1 Be6 16. Nf5 Bxf5 17. Rxe7+ Kd8 18. Bxc6 bxc6 19. Rxf7 h6 20. Bxf6+ gxf6
21. Ree7 Re8 22. Rxe8+ Kxe8 23. Rxc7 Re6 24. f3 Bxc2 25. Rxa7 Bd3 26. Kf2 Re2+
27. Nxe2 1-0

[Event "AUTO-MASTER-3164"]
[Site "http://www.queenalice.com/game.php?id=1811340"]
[Date "2023.5.6"]
[Round "1"]
[White "schuch97"]
[Black "IranSilva"]
[Result "0-1"]
[WhiteElo "2072"]
[BlackElo "2180"]

1. e4 c5 2. d4 cxd4 3. Qxd4 Nc6 4. Qa4 d6 5. Bb5 Bd7 6. Ne2 e5 7. Nbc3 h6 8. Nd5
a6 9. Bd3 Nf6 10. Nec3 b5 11. Qb3 Nxd5 12. Nxd5 Be7 13. O-O O-O 14. Re1 Bg5 15.
Bxg5 Qxg5 16. Re3 Nd4 17. Qc3 Rac8 18. Qd2 Nf3+ 19. Rxf3 Qxd2 20. Rg3 Kh8 21.
Kf1 Be6 22. Ne3 Rfd8 23. Rd1 Qb4 24. b3 Qc5 25. Rd2 a5 0-1

[Event "Challenge"]
[Site "http://www.queenalice.com/game.php?id=1812941"]
[Date "2023.6.1"]
[Round "-"]
[White "schuch97"]
[Black "tana"]
[Result "1-0"]
[WhiteElo "2054"]
[BlackElo "2055"]

1. e4 e5 2. Nf3 Nc6 3. d4 d6 4. d5 Nce7 5. Bd3 Nf6 6. O-O Bg4 7. Be3 Ng6 8. Nbd2
Be7 9. h3 Bxf3 10. Nxf3 O-O 11. Nd2 c5 12. Qe2 Nf4 13. Bxf4 exf4 14. Rfe1 Qb6
15. b3 h6 16. e5 dxe5 17. Qxe5 Bd6 18. Qe2 Rfe8 19. Qd1 Nxd5 20. Ne4 Nb4 21. Bc4
Be5 22. Rb1 Rad8 23. Qh5 Qc7 24. Re2 Kf8 25. Nxc5 Re7 26. Qxf7+ Rxf7 27. Ne6+
Ke8 28. Nxc7+ Rxc7 29. Rxe5+ Re7 30. Bb5+ Kf8 31. Rf5+ Rf7 32. Rxf7+ Kxf7 33. c4
Nxa2 34. Ra1 a6 35. Bxa6 bxa6 36. Rxa2 Rb8 37. Rxa6 Rxb3 38. c5 Rc3 39. c6 Ke6
40. Ra7 Kf6 41. c7 h5 42. Kf1 g5 43. Ke2 Ke5 44. Kd2 Rc6 45. Kd3 Kd6 46. Ra5
Rxc7 47. Rxg5 f3 48. g3 Rh7 49. Ke4 Rf7 50. Rxh5 Ke6 51. Rh6+ Ke7 52. Ra6 Rf8
53. Ke5 Rh8 54. Ra7+ Kf8 55. Ra8+ Kg7 56. Rxh8 1-0

[Event "Challenge"]
[Site "http://www.queenalice.com/game.php?id=1812947"]
[Date "2023.6.1"]
[Round "-"]
[White "tana"]
[Black "schuch97"]
[Result "0-1"]
[WhiteElo "2050"]
[BlackElo "2033"]

1. d4 f5 2. Nf3 Nf6 3. e3 d5 4. Bd3 Nc6 5. O-O e6 6. Nbd2 h5 7. b3 Ne4 8. Bb2 g5
9. Bxe4 dxe4 10. Ne5 Nxe5 11. dxe5 g4 12. Nc4 Bd7 13. g3 h4 14. Kg2 Qg5 15. Qe2
Qh5 16. Rad1 hxg3 17. Rh1 Qh3+ 18. Kg1 gxh2+ 0-1

[Event "AUTO-OPEN-4443"]
[Site "http://www.queenalice.com/game.php?id=1821985"]
[Date "2023.9.29"]
[Round "2"]
[White "schuch97"]
[Black "dylkink93"]
[Result "0-1"]
[WhiteElo "2084"]
[BlackElo "2289"]

1. e4 d5 2. e5 d4 3. d3 Nc6 4. f4 Bf5 5. h3 e6 6. h4 h6 7. g4 Bg6 8. Bh3 Qxh4+
9. Kf1 h5 10. g5 Bf5 11. Bxf5 Qxh1 12. Be4 Qh4 13. Qf3 Nge7 14. c3 Qg4 15. Qf2
Qd1+ 16. Qe1 Qxe1+ 17. Kxe1 Nd5 18. cxd4 Nxd4 19. Kd1 c6 20. Nc3 Bc5 21. a3 Nb3
22. Nf3 Nxa1 23. Ne2 Nb3 24. d4 Bb6 25. Kc2 Na5 26. b4 Nc4 27. Nh4 g6 28. Kb3
Nce3 29. a4 O-O-O 30. a5 Bc7 31. Ka4 Ng4 32. b5 cxb5+ 33. Kxb5 Nf2 34. Bb1 a6+
35. Kc5 Bxa5 36. Ba3 Kb8 0-1

[Event "AUTO-OPEN-4443"]
[Site "http://www.queenalice.com/game.php?id=1821986"]
[Date "2023.9.29"]
[Round "2"]
[White "dylkink93"]
[Black "schuch97"]
[Result "1-0"]
[WhiteElo "2272"]
[BlackElo "2102"]

1. e4 e5 2. Nf3 Nc6 3. Bb5 a6 4. Ba4 b5 5. Bb3 Nf6 6. O-O Bc5 7. d3 Nd4 8. Nxe5
Bd6 9. Nxf7 Qe7 10. Nxh8 Nxb3 11. axb3 Kf8 12. Bg5 Kg8 13. Nc3 Bxh2+ 14. Kxh2
Kxh8 15. Nd5 Qe6 16. Nxc7 Qe5+ 17. f4 Qxc7 18. e5 Nd5 19. Qh5 Bb7 20. Rae1 Rf8
21. c4 Nb4 22. Re3 d5 23. Rh3 h6 24. Bxh6 gxh6 25. Qxh6+ Kg8 26. Rg3+ Kf7 27.
Rg7+ 1-0

[Event "AUTO-OPEN-4443"]
[Site "http://www.queenalice.com/game.php?id=1821987"]
[Date "2023.9.29"]
[Round "2"]
[White "schuch97"]
[Black "Pipo712"]
[Result "1-0"]
[WhiteElo "2084"]
[BlackElo "2155"]

1. e4 c5 2. d4 cxd4 3. Qxd4 Nc6 4. Qd3 Qc7 5. Nc3 e6 6. Be3 a6 7. f4 b5 8. Nf3
d6 9. Be2 Nf6 10. O-O Bb7 11. e5 dxe5 12. fxe5 Nxe5 13. Nxe5 Qxe5 14. Rad1 Bc5
15. Bxc5 Qxc5+ 16. Kh1 O-O 17. Qg3 Kh8 18. Rf4 Qe7 19. Rdf1 b4 20. Nd1 Ne8 21.
Bd3 f5 22. Qh3 g6 23. Qh6 e5 24. Rh4 Qg7 25. Qg5 Nd6 26. Rxb4 h6 27. Rh4 Nf7 28.
Qe3 e4 29. Bc4 Ne5 30. Rxh6+ 1-0

[Event "AUTO-OPEN-4443"]
[Site "http://www.queenalice.com/game.php?id=1821988"]
[Date "2023.9.29"]
[Round "2"]
[White "Pipo712"]
[Black "schuch97"]
[Result "1-0"]
[WhiteElo "2051"]
[BlackElo "2102"]

1. e4 e5 2. Nf3 Nc6 3. Bb5 Qf6 4. Nc3 Nge7 5. d3 a6 6. Ba4 b5 7. Bb3 h6 8. a4 b4
9. Nd5 Nxd5 10. Bxd5 Bb7 11. O-O g5 12. h3 O-O-O 13. b3 Bd6 14. Nh2 h5 15. Qf3
Qxf3 16. Nxf3 g4 17. Ng5 gxh3 18. Nxf7 Rhg8 19. Nxd6+ cxd6 20. Bxg8 Rxg8 21. Be3
Rxg2+ 22. Kh1 Rg6 23. Rg1 Rf6 24. Rg3 Nd4 25. Rxh3 Kb8 26. Rc1 Ne2 27. Rf1 Kc7
28. Kh2 d5 29. f3 d4 30. Bg5 Rg6 31. Rxh5 Bc8 32. Rf2 Nc1 33. Rg2 Kb7 34. Bxc1
Re6 35. f4 exf4 36. Bxf4 Rc6 37. Rd5 Rf6 38. Bd2 Kc6 39. Rxd4 a5 40. Rd5 Kb6 41.
Rb5+ Ka6 42. Be3 Rc6 43. Rc5 1-0

[Event "Challenge"]
[Site "http://www.queenalice.com/game.php?id=1825015"]
[Date "2023.11.11"]
[Round "-"]
[White "schuch97"]
[Black "jogo"]
[Result "1-0"]
[WhiteElo "2089"]
[BlackElo "1835"]

1. e4 e5 2. Nf3 Nf6 3. Nc3 d6 4. d4 exd4 5. Qxd4 c5 6. Qd1 Be7 7. Bc4 O-O 8. Bd2
Bg4 9. h3 Be6 10. Bxe6 fxe6 11. g4 Nc6 12. g5 Ne8 13. h4 a6 14. Qe2 Nd4 15. Nxd4
cxd4 16. Nb1 Rc8 17. Qd3 e5 18. Qg3 Kh8 19. Na3 Nc7 20. O-O-O d5 21. Qxe5 dxe4
22. h5 Rxf2 23. h6 Bf8 24. Qxe4 g6 25. Bc3 Qxg5+ 26. Bd2 Qd5 27. Qh4 Rf5 28. c4
1-0